مكتبة جامعة عجلون الوطنية

فهرس بحث المكتبة

Normal view MARC view
  • تدقيق الحسابات

Entry Topical Term

Number of records used in: 1

001 - CONTROL NUMBER

  • control field: 28214

003 - CONTROL NUMBER IDENTIFIER

  • control field: JO-AjAnu

005 - DATE AND TIME OF LATEST TRANSACTION

  • control field: 20230606074801.0

008 - FIXED-LENGTH DATA ELEMENTS

  • fixed length control field: 230606|| aca||aabn | a|a d

040 ## - CATALOGING SOURCE

  • Original cataloging agency: JO-AjAnu
  • Transcribing agency: JO-AjAnu

150 ## - HEADING--TOPICAL TERM

  • Topical term or geographic name entry element: تدقيق الحسابات

670 ## - SOURCE DATA FOUND

  • Source citation: Work cat.: (JO-AjAnu)14483: عرض وتحليل: جمعة، احمد حلمي, author 28213, تطور معايير التدقيق والتأكيد الدولية وقواعد اخلاقيات المهنة: اجراءات التخطيط عند تدقيق البيانات المالية للبنوك - الرقابة الداخلية عند تدقيق البيانات المالية للبنوك - اداء الاجراءات الرئيسية والتقرير عند تدقيق ...